Rozpoznaj miasto po zdjęciu #5 - Statystyki

Ogólne statystyki
  • Ten quiz został rozwiązany 95 razy
  • Średni wynik to 3 z 10
Statystyki odpowiedzi
Obrazkowy Odpowiedź % Poprawnych
Kraków
95%
Barcelona
83%
Kair
27%
Monachium
18%
Nowe Delhi
17%
Meksyk
15%
Aszchabad
10%
Auckland
9%
Bangkok
9%
Nairobi
5%
Nie znaleziono quizów pasujących do podanych kryteriów
Rozkład punktacji
Procent ludzi z każdym wynikiem
Percentyl według liczby udzielonych odpowiedzi
Twoja historia wyników
Nie rozwiązałeś tego quizu